000 00617nam a22002057a 4500
005 20150331054858.0
008 111013s2012 nyua 001 0 eng
020 _a9780071785686
041 0 _aeng
080 _a517
100 1 _aDeemer, Walter.
245 1 0 _aDeemer on technical analysis :
_cWalter Deemer and Susan Cragin.
260 _aNew York :
_bMcGraw-Hill,
_c2012.
300 _a313 f. :
_bme il.;
_c24 cm.
505 _aIndex: f. 301 - 312
650 0 _aInvestimet
650 0 _aAnaliza
700 1 _aCragin, Susan.
942 _2udc
_cBK
999 _c651
_d651